Statistics for ACNH Villager Quiz

Click here to take the quiz!

General Stats

  • This quiz has been taken 88 times
    (84 since last reset)
  • The average score is 70 of 413

Answer Stats

HintAnswer% Correct
GorillasAl
60%
AlligatorsAlli
60%
EaglesApollo
60%
RabbitsCoco
60%
DogsGoldie
60%
FrogsLily
60%
OctopusMarina
60%
CatsRaymond
60%
DeerShino
60%
CatsAnkha
40%
HamstersApple
40%
DogsBea
40%
MouseBella
40%
DucksBill
40%
GoatsBilly
40%
OstrichesBlanche
40%
PenguinsBoomer
40%
LionsBud
40%
OctopusCephalobot
40%
MouseChadder
40%
WolvesChief
40%
PigsChops
40%
SheepDom
40%
AlligatorsDrago
40%
ChickensEgbert
40%
DeerErik
40%
KoalasEugene
40%
DeerFauna
40%
PenguinsFlo
40%
OstrichesFlora
40%
WolvesFreya
40%
DucksGloria
40%
FrogsHenry
40%
FrogsHuck
40%
CubsJudy
40%
ChickensKen
40%
DucksKetchup
40%
DogsLucky
40%
CubsMaple
40%
SquirrelsMarshal
40%
KangaroosMathilda
40%
CatsMerry
40%
CowsNaomi
40%
SquirrelsNibbles
40%
OctopusOctavian
40%
CowsPatty
40%
BearsPaula
40%
RhinosRenee
40%
HorsesReneigh
40%
FrogsRibbot
40%
PenguinsRoald
40%
CatsRosie
40%
CubsStitches
40%
FrogsTad
40%
CatsTangy
40%
BearsTeddy
40%
ElephantsTia
40%
CatsTom
40%
FrogsWart Jr.
40%
SheepWillow
40%
BirdsAce
20%
SquirrelsAgent S
20%
PigsAgnes
20%
AlligatorsAlfonso
20%
EaglesAmelia
20%
BullsAngus
20%
MouseAnicotti
20%
AnteatersAnnalisa
20%
HorsesAnnalise
20%
AnteatersAntonio
20%
KangaroosAstrid
20%
WolvesAudie
20%
PenguinsAurora
20%
EaglesAvery
20%
ElephantsAxel
20%
RhinosAzalea
20%
SheepBaabara
20%
DeerBam
20%
TigersBangle
20%
CubsBarold
20%
BearsBeardo
20%
DeerBeau
20%
ChickensBecky
20%
ChickensBenedict
20%
DogsBenjamin
20%
HipposBertha
20%
TigersBianca
20%
ElephantsBig Top
20%
SquirrelsBlaire
20%
CubsBluebear
20%
CatsBob
20%
DogsBones
20%
GorillasBoone
20%
MouseBroccolo
20%
DeerBruce
20%
HipposBubbles
20%
HorsesBuck
20%
EaglesBuzz
20%
KoalasCanberra
20%
SquirrelsCaroline
20%
KangaroosCarrie
20%
SheepCashmere
20%
GorillasCesar
20%
ElephantsChai
20%
DeerChelsea
20%
CubsCheri
20%
DogsCherry
20%
CubsChester
20%
BearsChow
20%
TigersClaudia
20%
HamstersClay
20%
HorsesClyde
20%
BullsCoach
20%
OstrichesCranston
20%
FrogsCroque
20%
PenguinsCube
20%
SheepCurlos
20%
BearsCurt
20%
ElephantsCyd
20%
DogsDaisy
20%
AlligatorsDel
20%
MonkeysDeli
20%
DucksDerwin
20%
DeerDiana
20%
FrogsDiva
20%
ElephantsDizzy
20%
WolvesDobie
20%
RabbitsDotty
20%
DucksDrake
20%
HorsesEd
20%
ElephantsEllie
20%
HorsesElmer
20%
ElephantsEloise
20%
LionsElvis
20%
SheepEunice
20%
KoalasFaith
20%
WolvesFang
20%
SquirrelsFilbert
20%
MonkeysFlip
20%
HamstersFlurry
20%
EaglesFrank
20%
DucksFreckles
20%
DogsFrett
20%
PenguinsFriga
20%
DeerFuchsia
20%
RabbitsGabi
20%
RabbitsGaston
20%
AlligatorsGayle
20%
FrogsGigi
20%
OstrichesGladys
20%
HamstersGraham
20%
MouseGreta
20%
BearsGroucho
20%
GoatsGruff
20%
HamstersHamlet
20%
HamstersHamphrey
20%
GorillasHans
20%
HipposHarry
20%
SquirrelsHazel
20%
HipposHippeux
20%
PenguinsHopper
20%
RhinosHornsby
20%
SquirrelsIone
20%
FrogsJambette
20%
BirdsJay
20%
BirdsJitters
20%
DucksJoey
20%
OstrichesJulia
20%
HorsesJulian
20%
CatsKabuki
20%
PigsKevin
20%
CatsKid Cat
20%
ChickensKnox
20%
WolvesKyle
20%
TigersLeonardo
20%
LionsLeopold
20%
LionsLionel
20%
WolvesLobo
20%
DeerLopez
20%
GorillasLouie
20%
BirdsLucha
20%
PigsLucy
20%
KoalasLyman
20%
DogsMac
20%
PigsMaggie
20%
DucksMallary
20%
CubsMarty
20%
BearsMegan
20%
KoalasMelba
20%
RhinosMerengue
20%
CatsMoe
20%
DucksMolly
20%
CatsMonique
20%
MonkeysMonty
20%
MouseMoose
20%
SheepMuffy
20%
GoatsNan
20%
MonkeysNana
20%
BearsNate
20%
CowsNorma
20%
RabbitsO'Hare
20%
AnteatersOlaf
20%
KoalasOzzie
20%
PigsPancetti
20%
AnteatersPango
20%
GoatsPashmina
20%
DucksPate
20%
SquirrelsPeanut
20%
SquirrelsPecan
20%
BirdsPeck
20%
GorillasPeewee
20%
PigsPeggy
20%
CubsPekoe
20%
MousePetri
20%
OstrichesPhil
20%
SheepPietro
20%
BearsPinky
20%
BirdsPiper
20%
ChickensPlucky
20%
DucksPompom
20%
SquirrelsPoppy
20%
DogsPortia
20%
FrogsPrince
20%
PenguinsPuck
20%
FrogsPuddles
20%
CatsPunchy
20%
OstrichesQueenie
20%
DucksQuillson
20%
LionsRex
20%
GorillasRilla
20%
MouseRizzo
20%
BirdsRobin
20%
GorillasRocket
20%
MouseRod
20%
BullsRodeo
20%
HamstersRodney
20%
TigersRolf
20%
KangaroosRooney
20%
HorsesRoscoe
20%
AlligatorsRoswell
20%
SquirrelsSally
20%
RabbitsSasha
20%
HorsesSavannah
20%
DucksScoot
20%
MonkeysShari
20%
DogsShep
20%
GoatsSherb
20%
MonkeysSimon
20%
AlligatorsSly
20%
HamstersSoleil
20%
BirdsSparro
20%
RhinosSpike
20%
PigsSpork
20%
PenguinsSprinkle
20%
SquirrelsStatic
20%
EaglesSterling
20%
CatsStinky
20%
BullsStu
20%
KangaroosSylvia
20%
CatsTabby
20%
RhinosTank
20%
BullsT-Bone
20%
PenguinsTex
20%
CowsTipper
20%
BearsTutu
20%
GoatsVelma
20%
SheepVesta
20%
BullsVic
20%
GorillasViolet
20%
WolvesVivian
20%
PenguinsWade
20%
DogsWalker
20%
KangaroosWalt
20%
WolvesWhitney
20%
HorsesWinnie
20%
WolvesWolfgang
20%
DeerZell
20%
AnteatersZoe
20%
OctopusZucker
20%
BirdsAdmiral
0%
KoalasAlice
0%
AnteatersAnabelle
0%
BirdsAnchovy
0%
ChickensAva
0%
MouseBettina
0%
HipposBiff
0%
DogsBiskit
0%
HipposBitty
0%
RabbitsBonbon
0%
AlligatorsBoots
0%
PigsBoris
0%
GorillasBoyd
0%
MouseBree
0%
ChickensBroffina
0%
RabbitsBunnie
0%
DogsButch
0%
SquirrelsCally
0%
FrogsCamofrog
0%
MouseCandi
0%
RabbitsCarmen
0%
EaglesCelia
0%
PenguinsChabwick
0%
BearsCharlise
0%
GoatsChevre
0%
RabbitsChrissy
0%
RabbitsClaude
0%
HorsesCleo
0%
PigsCobb
0%
RabbitsCole
0%
HorsesColton
0%
DogsCookie
0%
FrogsCousteau
0%
PigsCurly
0%
AnteatersCyrano
0%
DucksDeena
0%
DeerDeirdre
0%
RabbitsDoc
0%
MouseDora
0%
FrogsDrift
0%
MonkeysElise
0%
SheepEtoile
0%
CatsFelicity
0%
RabbitsFrancine
0%
SheepFrita
0%
FrogsFrobert
0%
PigsGala
0%
RabbitsGenji
0%
KoalasGonzo
0%
ChickensGoose
0%
BearsGrizzly
0%
PenguinsGwen
0%
RabbitsHopkins
0%
PigsHugh
0%
PenguinsIggly
0%
BearsIke
0%
BirdsJacob
0%
BirdsJacques
0%
FrogsJeremiah
0%
CubsJune
0%
CatsKatt
0%
EaglesKeaton
0%
GoatsKidd
0%
CatsKiki
0%
KangaroosKitt
0%
CatsKitty
0%
BearsKlaus
0%
CubsKody
0%
MouseLimberg
0%
CatsLolly
0%
DogsMaddie
0%
DucksMaelle
0%
DogsMarcel
0%
KangaroosMarcie
0%
ElephantsMargie
0%
HamstersMarlo
0%
BirdsMidge
0%
SquirrelsMint
0%
RabbitsMira
0%
DucksMiranda
0%
CatsMitzi
0%
LionsMott
0%
CubsMurphy
0%
CubsOlive
0%
CatsOlivia
0%
ElephantsOpal
0%
ElephantsPaolo
0%
HorsesPapi
0%
HorsesPeaches
0%
MousePenelope
0%
OstrichesPhoebe
0%
EaglesPierce
0%
RabbitsPippy
0%
CubsPoncho
0%
CubsPudge
0%
CatsPurrl
0%
EaglesQuinn
0%
FrogsRaddle
0%
PigsRasher
0%
RhinosRhonda
0%
SquirrelsRicky
0%
OstrichesRio
0%
HipposRocco
0%
LionsRory
0%
TigersRowan
0%
RabbitsRuby
0%
CatsRudy
0%
MouseSamson
0%
OstrichesSandy
0%
SquirrelsSheldon
0%
WolvesSkye
0%
RabbitsSnake
0%
AnteatersSnooty
0%
OstrichesSprocket
0%
SheepStella
0%
KoalasSydney
0%
SquirrelsSylvana
0%
MonkeysTammi
0%
CubsTammy
0%
SquirrelsTasha
0%
MonkeysTiansheng
0%
RabbitsTiffany
0%
SheepTimbra
0%
RabbitsToby
0%
PigsTruffles
0%
ElephantsTucker
0%
BirdsTwiggy
0%
TigersTybalt
0%
BearsUrsala
0%
HorsesVictoria
0%
CubsVladimir
0%
DucksWeber
0%
SheepWendy
0%
KoalasYuka
0%

Score Distribution

Percentile by Number Answered

Percent of People with Each Score

Your Score History

You have not taken this quiz since the last reset